[Event "NED-chT 2122"]
[Site "Netherlands"]
[Date "2022.05.21"]
[Round "5.6"]
[White "Janssen, Ruud"]
[Black "Roebers, Eline"]
[Result "1/2-1/2"]
[WhiteElo "2529"]
[BlackElo "2304"]
[PlyCount "117"]
[EventDate "2021.09.18"]
[EventType "team-tourn"]
[EventRounds "9"]
[EventCountry "NED"]
[SourceTitle "EXT 2023"]
[Source "ChessBase"]
[SourceDate "2022.10.05"]
[SourceVersion "1"]
[SourceVersionDate "2022.10.05"]
[SourceQuality "1"]
[WhiteTeam "En Passant"]
[BlackTeam "Kennemer Combinatie"]
[WhiteTeamCountry "NED"]
[BlackTeamCountry "NED"]

1. d4 Nf6 2. c4 g6 3. Nc3 Bg7 4. e4 d6 5. h3 0-0 6. Bg5 c5 7. d5 e6 8. Nf3 exd5 9. cxd5 Re8 10. Bd3 c4 11. Bc2 b5 12. a3 a5 13. 0-0 Ba6 14. Nd4 b4 15. axb4 axb4 16. Ncb5 Qb6 17. Bf4 Nh5 18. Bxd6 b3 19. Nc7 bxc2 20. Nxc2 Rd8 21. Nxa8 Qxd6 22. Re1 Bxb2 23. Ra2 Be5 24. Ne3 Nf4 25. Qa4 Nd3 26. Rb1 Nc5 27. Qa5 Nb3 28. Qb6 Bd4 29. Qxd6 Rxd6 30. Nxc4 Bxc4 31. Ra4 Nd7 32. Rxc4 Nd2 33. Rc8+ Kg7 34. Rd1 Bxf2+ 35. Kxf2 Nxe4+ 36. Ke3 Nef6 37. Nc7 Nb6 38. Ne8+ Nxe8 39. Rxe8 Nxd5+ 40. Kf2 Rf6+ 41. Kg1 Nc7 42. Re7 Ne6 43. Rf1 h5 44. Rxf6 Kxf6 45. Ra7 Nf4 46. Kf2 Ne6 47. Ke3 Kg7 48. Ke4 Kf6 49. Ra6 Kg7 50. Ke5 Ng5 51. Ra2 Ne6 52. Kd6 Nd4 53. Rf2 Nf5+ 54. Ke5 Ne7 55. Rf4 Ng8 56. Rf2 Nh6 57. Rf1 Ng8 58. Kd6 Nh6 59. Ke5 1/2-1/2

[Event "NED-chT 1920"]
[Site "Netherlands"]
[Date "2019.09.28"]
[Round "1.2"]
[White "Janssen, Ruud"]
[Black "Van Foreest, Jorden"]
[Result "1-0"]
[WhiteElo "2522"]
[BlackElo "2622"]
[PlyCount "83"]
[EventDate "2019.09.28"]
[EventType "team-tourn"]
[EventRounds "9"]
[EventCountry "NED"]
[SourceTitle "CBM 193 Extra"]
[Source "ChessBase"]
[SourceDate "2020.01.31"]
[SourceVersion "1"]
[SourceVersionDate "2020.01.31"]
[SourceQuality "1"]
[WhiteTeam "BSG"]
[BlackTeam "Kennemer Combinatie"]
[WhiteTeamCountry "NED"]
[BlackTeamCountry "NED"]

1. c4 e5 2. g3 Nf6 3. Bg2 Bc5 4. Nc3 0-0 5. d3 Nc6 6. Nf3 d5 7. cxd5 Nxd5 8. 0-0 h6 9. Bd2 Nf6 10. a3 a5 11. Rc1 Qe7 12. e3 Rd8 13. Qc2 Bf5 14. Ne4 Bb6 15. Rfd1 Rd7 16. h3 Rad8 17. Ne1 Qe6 18. Kh2 Bg6 19. Bf3 Rxd3 20. Nxd3 Nxe4 21. Bxe4 Bxe4 22. Nc5 Bxc2 23. Nxe6 fxe6 24. Rxc2 e4 25. Kg2 Ne5 26. Kf1 Nd3 27. Ke2 Rf8 28. Rf1 Ne5 29. Bc3 Nd3 30. f3 Rd8 31. fxe4 Nc5 32. Rf4 g5 33. Rf6 Nxe4 34. Rxh6 Nxc3+ 35. Rxc3 Kg7 36. Rxe6 Rh8 37. Kf3 Kf7 38. Re5 Kf6 39. Rb5 Rxh3 40. Kg4 Rh2 41. b3 Rg2 42. Rf5+ 1-0

[Event "Las Vegas National op"]
[Site "Las Vegas"]
[Date "2019.06.14"]
[Round "5"]
[White "Janssen, Ruud"]
[Black "Gareyev, Timur"]
[Result "0-1"]
[WhiteElo "2514"]
[BlackElo "2584"]
[PlyCount "126"]
[EventDate "2019.06.12"]
[EventType "swiss"]
[EventRounds "9"]
[EventCountry "USA"]
[SourceTitle "CBM 190 Extra"]
[Source "ChessBase"]
[SourceDate "2019.07.15"]
[SourceVersion "1"]
[SourceVersionDate "2019.07.15"]
[SourceQuality "1"]

1. c4 g6 2. Nc3 Bg7 3. d4 c5 4. d5 Bxc3+ 5. bxc3 f5 6. Nf3 Nf6 7. h3 d6 8. Bh6 e5 9. dxe6 Bxe6 10. e3 Nc6 11. Be2 Ne4 12. Qb3 Qf6 13. h4 0-0-0 14. Ng5 Na5 15. Nxe4 fxe4 16. Qa3 Nxc4 17. Bxc4 Bxc4 18. Bg5 Qe6 19. Bxd8 Qg4 20. Qb2 Rxd8 21. g3 d5 22. Rb1 b6 23. Qd2 Qf3 24. Rh2 Kb7 25. h5 g5 26. h6 Rf8 27. Rb2 Rf6 28. Qd1 Qf5 29. Qd2 Qe6 30. Kd1 Rxh6 31. Rxh6 Qxh6 32. Kc1 Qf6 33. Kb1 h5 34. Ka1 a5 35. Rb1 b5 36. a3 Kc6 37. Rh1 Qf3 38. Rh2 Kd6 39. Kb2 Ke6 40. Kc1 Bb3 41. Qe1 Bc4 42. Kd2 Kf5 43. Qd1 Qxd1+ 44. Kxd1 Kg4 45. Rh1 b4 46. cxb4 cxb4 47. axb4 axb4 48. Kd2 b3 49. Kc3 Kf3 50. Rh2 g4 51. Kd2 Bf1 52. Rxh5 Kxf2 53. Rxd5 Kxg3 54. Rf5 Bd3 55. Kc3 Bc2 56. Kd2 Kh3 57. Rh5+ Kg2 58. Rh8 g3 59. Rb8 Kf2 60. Rf8+ Kg2 61. Rb8 Bd3 62. Rxb3 Kf2 63. Rb8 Be2 0-1

[Event "NED-chT 1819"]
[Site "Netherlands"]
[Date "2019.02.09"]
[Round "6.3"]
[White "Janssen, Ruud"]
[Black "Martens, Martin"]
[Result "1-0"]
[WhiteElo "2503"]
[BlackElo "2377"]
[PlyCount "81"]
[EventDate "2018.09.15"]
[EventType "team-tourn"]
[EventRounds "9"]
[EventCountry "NED"]
[SourceTitle "CBM 189 Extra"]
[Source "ChessBase"]
[SourceDate "2019.06.03"]
[SourceVersion "1"]
[SourceVersionDate "2019.06.03"]
[SourceQuality "1"]
[WhiteTeam "BSG"]
[BlackTeam "Calder HMC"]
[WhiteTeamCountry "NED"]
[BlackTeamCountry "NED"]

1. c4 g6 2. e4 Bg7 3. d4 d6 4. Nc3 e5 5. Nf3 Nd7 6. Be2 c6 7. 0-0 Nh6 8. d5 c5 9. Bd2 f6 10. b4 Nf7 11. Ne1 cxb4 12. Na4 a5 13. a3 bxa3 14. Nd3 0-0 15. Rxa3 b6 16. Qb3 Bh6 17. f4 Ba6 18. Bg4 Nc5 19. Naxc5 dxc5 20. Bc3 Bc8 21. Bxc8 Rxc8 22. Raa1 Qd6 23. Rab1 Rb8 24. Qb2 Bg7 25. Rf3 Qc7 26. Rbf1 Rbe8 27. h4 Rb8 28. Qa1 Qe7 29. h5 Rfe8 30. hxg6 hxg6 31. Rg3 Nh8 32. Qb2 Qd6 33. Qe2 Qd7 34. Qf2 Qd6 35. Rh3 exf4 36. Nxf4 Rxe4 37. Ne6 Rxe6 38. dxe6 Qxe6 39. Qh4 Nf7 40. Bxf6 Bh6 41. Qg3 1-0

[Event "NED-chT 1819"]
[Site "Netherlands"]
[Date "2018.12.15"]
[Round "5.4"]
[White "Janssen, Ruud"]
[Black "Grooten, Herman"]
[Result "1-0"]
[WhiteElo "2503"]
[BlackElo "2384"]
[PlyCount "53"]
[EventDate "2018.09.15"]
[EventType "team-tourn"]
[EventRounds "9"]
[EventCountry "NED"]
[SourceTitle "CBM 189 Extra"]
[Source "ChessBase"]
[SourceDate "2019.06.03"]
[SourceVersion "1"]
[SourceVersionDate "2019.06.03"]
[SourceQuality "1"]
[WhiteTeam "BSG"]
[BlackTeam "De Stukkenjagers"]
[WhiteTeamCountry "NED"]
[BlackTeamCountry "NED"]

1. c4 c5 2. Nf3 Nf6 3. Nc3 b6 4. g3 Bb7 5. Bg2 e6 6. 0-0 Be7 7. Re1 a6 8. e4 d6 9. d4 cxd4 10. Nxd4 Qc7 11. Be3 0-0 12. Rc1 Nbd7 13. f4 Rfe8 14. g4 Nc5 15. Bf2 e5 16. Nf5 Bf8 17. b4 Ne6 18. Nd5 Qb8 19. Nxf6+ gxf6 20. Bh4 Nxf4 21. Bxf6 Re6 22. g5 b5 23. Qg4 bxc4 24. Rf1 h6 25. Rxf4 exf4 26. Nxh6+ Kh7 27. Qf5# 1-0

[Event "NED-chT 1819"]
[Site "Netherlands"]
[Date "2018.11.24"]
[Round "4.4"]
[White "Janssen, Ruud"]
[Black "Buckels, Valentin"]
[Result "1-0"]
[WhiteElo "2503"]
[BlackElo "2412"]
[PlyCount "67"]
[EventDate "2018.09.15"]
[EventType "team-tourn"]
[EventRounds "9"]
[EventCountry "NED"]
[SourceTitle "CBM 187 Extra"]
[Source "ChessBase"]
[SourceDate "2018.11.04"]
[SourceVersion "1"]
[SourceVersionDate "2018.11.04"]
[SourceQuality "1"]
[WhiteTeam "BSG"]
[BlackTeam "Zuid Limburg"]
[WhiteTeamCountry "NED"]
[BlackTeamCountry "NED"]

1. c4 e6 2. Nc3 Nf6 3. e4 d5 4. e5 d4 5. exf6 dxc3 6. bxc3 Qxf6 7. d4 e5 8. Nf3 Nc6 9. Be2 exd4 10. Bg5 Qg6 11. cxd4 Bg4 12. h4 Bxf3 13. Bxf3 Qe6+ 14. Be2 Bb4+ 15. Kf1 Qd7 16. d5 Ne7 17. Qd4 0-0 18. c5 Ba5 19. Rd1 h6 20. Bc1 Rad8 21. Bb2 f6 22. Bc4 Kh8 23. Rh3 b6 24. c6 Qd6 25. Qg4 b5 26. Bxb5 Qc5 27. Bd3 Bb6 28. Rd2 Qxd5 29. Rg3 Rf7 30. Bc3 h5 31. Qe2 Qc5 32. Re3 Nxc6 33. Bg6 Rdf8 34. Re5 1-0

[Event "NED-chT 1819"]
[Site "Netherlands"]
[Date "2018.10.06"]
[Round "2.3"]
[White "Lecomte, Robin"]
[Black "Janssen, Ruud"]
[Result "0-1"]
[WhiteElo "2277"]
[BlackElo "2503"]
[PlyCount "54"]
[EventDate "2018.09.15"]
[EventType "team-tourn"]
[EventRounds "9"]
[EventCountry "NED"]
[SourceTitle "CBM 187 Extra"]
[Source "ChessBase"]
[SourceDate "2018.11.04"]
[SourceVersion "1"]
[SourceVersionDate "2018.11.04"]
[SourceQuality "1"]
[WhiteTeam "Charlois Europoort"]
[BlackTeam "BSG"]
[WhiteTeamCountry "NED"]
[BlackTeamCountry "NED"]

1. Nf3 Nf6 2. d4 e6 3. g3 b5 4. Bg2 Bb7 5. 0-0 c5 6. a4 b4 7. c4 Be7 8. b3 0-0 9. Bb2 d5 10. Nbd2 Nbd7 11. Rc1 Rc8 12. Qc2 dxc4 13. Nxc4 Be4 14. Qd2 Nb6 15. dxc5 Bxc5 16. Nxb6 Qxb6 17. Bxf6 gxf6 18. Qf4 Bg6 19. e3 Be7 20. Qd4 Rc3 21. Rxc3 Qxd4 22. Nxd4 bxc3 23. e4 a5 24. Rc1 Rd8 25. Nb5 c2 26. Bf3 Bxe4 27. Be2 Bb4 0-1

[Event "Maastricht Limburg op 12th"]
[Site "Maastricht"]
[Date "2018.05.19"]
[Round "2"]
[White "Goossens, Hanne"]
[Black "Janssen, Ruud"]
[Result "0-1"]
[WhiteElo "2197"]
[BlackElo "2496"]
[PlyCount "74"]
[EventDate "2018.05.18"]
[EventType "swiss"]
[EventRounds "7"]
[EventCountry "NED"]
[SourceTitle "CBM 184 Extra"]
[Source "ChessBase"]
[SourceDate "2018.06.28"]
[SourceVersion "1"]
[SourceVersionDate "2018.06.28"]
[SourceQuality "1"]

1. e4 c5 2. Nf3 e6 3. d4 cxd4 4. Nxd4 Nf6 5. Nc3 Nc6 6. Ndb5 Bc5 7. Nd6+ Ke7 8. Nxc8+ Rxc8 9. Bd3 Rg8 10. Bf4 g5 11. e5 gxf4 12. exf6+ Ke8 13. Qh5 Bb4 14. Qxh7 Bxc3+ 15. bxc3 Qxf6 16. Qxg8+ Ke7 17. Qxc8 Qxc3+ 18. Kd1 Qxa1+ 19. Kd2 Qxh1 20. Qg8 Qxh2 21. Qg5+ Kd6 22. Be4 f5 23. Bxc6 bxc6 24. Qg7 f3 25. Qd4+ Ke7 26. g3 Qh6+ 27. Kd1 Qf6 28. Qc5+ Ke8 29. Qxa7 Qc3 30. a4 c5 31. Qa8+ Ke7 32. a5 Qd4+ 33. Ke1 Qe5+ 34. Kd2 Qe2+ 35. Kc3 Qxf2 36. a6 Qe1+ 37. Kb2 f2 0-1

[Event "NED-ch qual"]
[Site "Delft"]
[Date "2017.04.16"]
[Round "6"]
[White "Nijboer, Friso"]
[Black "Janssen, Ruud"]
[Result "0-1"]
[WhiteElo "2535"]
[BlackElo "2520"]
[PlyCount "52"]
[EventDate "2017.04.15"]
[EventType "tourn (rapid)"]
[EventRounds "6"]
[EventCountry "NED"]
[EventCategory "11"]
[SourceTitle "CBM 177 Extra"]
[Source "ChessBase"]
[SourceDate "2017.04.27"]
[SourceVersion "1"]
[SourceVersionDate "2017.04.27"]
[SourceQuality "1"]

1. e4 e5 2. Nf3 Nc6 3. Bc4 Bc5 4. c3 Nf6 5. d3 d6 6. 0-0 0-0 7. a4 a5 8. Bg5 h6 9. Bh4 g5 10. Bg3 g4 11. Nh4 Nh5 12. Na3 Qg5 13. Nb5 Bb6 14. d4 exd4 15. cxd4 Qg7 16. Nf5 Bxf5 17. exf5 Nxd4 18. f6 Qxf6 19. Qxg4+ Qg5 20. Qe4 Rae8 21. Qxb7 Nf5 22. Ra3 Nhxg3 23. hxg3 Ne3 24. fxe3 Rxe3 25. Rxe3 Bxe3+ 26. Rf2 Bxf2+ 0-1

[Event "NED-ch qual"]
[Site "Delft"]
[Date "2017.04.15"]
[Round "3"]
[White "Burg, Twan"]
[Black "Janssen, Ruud"]
[Result "1-0"]
[WhiteElo "2511"]
[BlackElo "2520"]
[PlyCount "79"]
[EventDate "2017.04.15"]
[EventType "tourn (rapid)"]
[EventRounds "6"]
[EventCountry "NED"]
[EventCategory "11"]
[SourceTitle "CBM 177 Extra"]
[Source "ChessBase"]
[SourceDate "2017.04.27"]
[SourceVersion "1"]
[SourceVersionDate "2017.04.27"]
[SourceQuality "1"]

1. e4 e5 2. Nf3 Nc6 3. Nc3 Nf6 4. d4 Bb4 5. Nxe5 0-0 6. Qd3 Re8 7. Nxc6 bxc6 8. f3 d5 9. e5 c5 10. a3 Ba5 11. dxc5 Rxe5+ 12. Kf2 d4 13. Ne4 Bf5 14. b4 Bxe4 15. fxe4 Nxe4+ 16. Kg1 Qf6 17. h3 Nf2 18. Qf3 Qxf3 19. gxf3 Nxh1 20. Kxh1 Re1 21. Kg2 c6 22. bxa5 Rae8 23. Bb2 Rxa1 24. Bxa1 Rd8 25. Bd3 Rd5 26. a6 Kf8 27. Be4 Rxc5 28. Bxd4 Ra5 29. Bd3 c5 30. Be5 Ke7 31. Bb8 Kd7 32. Bxa7 Kc7 33. h4 g6 34. Kg3 h6 35. Kg2 h5 36. Kg3 f5 37. f4 Kc6 38. Bb8 Rxa3 39. Kf2 Kd5 40. a7 1-0

[Event "NED-ch qual"]
[Site "Delft"]
[Date "2017.04.15"]
[Round "2"]
[White "Janssen, Ruud"]
[Black "Nijboer, Friso"]
[Result "1/2-1/2"]
[WhiteElo "2520"]
[BlackElo "2535"]
[PlyCount "60"]
[EventDate "2017.04.15"]
[EventType "tourn (rapid)"]
[EventRounds "6"]
[EventCountry "NED"]
[EventCategory "11"]
[SourceTitle "CBM 177 Extra"]
[Source "ChessBase"]
[SourceDate "2017.04.27"]
[SourceVersion "1"]
[SourceVersionDate "2017.04.27"]
[SourceQuality "1"]

1. c4 Nf6 2. Nc3 g6 3. d4 d6 4. e4 Bg7 5. h3 0-0 6. Bg5 Na6 7. Bd3 e5 8. d5 Qe8 9. Nge2 Nd7 10. f3 f5 11. a3 Nac5 12. Bc2 fxe4 13. Nxe4 Nxe4 14. Bxe4 Nc5 15. Nc3 Bf6 16. Bxf6 Rxf6 17. 0-0 Qe7 18. b4 Nxe4 19. fxe4 Rxf1+ 20. Qxf1 a5 21. b5 Bd7 22. Qd3 Rf8 23. Rf1 Rxf1+ 24. Kxf1 Qg5 25. Ne2 Qf6+ 26. Kg1 Kf7 27. Qe3 Ke7 28. Qh6 Qf7 29. Qh4+ Ke8 30. a4 Qe7 1/2-1/2

[Event "Bundesliga 1516"]
[Site "Germany"]
[Date "2016.04.24"]
[Round "15.5"]
[White "Janssen, Ruud"]
[Black "Wirig, Anthony"]
[Result "1-0"]
[WhiteElo "2479"]
[BlackElo "2500"]
[PlyCount "77"]
[EventDate "2015.09.18"]
[EventType "team-tourn"]
[EventRounds "15"]
[EventCountry "GER"]
[SourceTitle "CBM 172"]
[Source "ChessBase"]
[SourceDate "2016.05.12"]
[SourceVersion "1"]
[SourceVersionDate "2016.05.12"]
[SourceQuality "1"]
[WhiteTeam "Emsdetten Turm"]
[BlackTeam "Schwaebisch Hall"]
[WhiteTeamCountry "GER"]
[BlackTeamCountry "GER"]

1. c4 e5 2. g3 Nf6 3. Bg2 h6 4. d3 Bc5 5. Nf3 d6 6. 0-0 Bb6 7. Nc3 c6 8. b4 0-0 9. a4 a5 10. b5 Bg4 11. Ba3 Re8 12. h3 Bxf3 13. Bxf3 Bd4 14. Rc1 Qc8 15. bxc6 bxc6 16. Bg2 Bc5 17. Bxc5 dxc5 18. f4 Nbd7 19. g4 exf4 20. Rxf4 Rb8 21. Qd2 Re6 22. Rcf1 Qd8 23. h4 Ne5 24. g5 Nh5 25. Ne4 Nxf4 26. Qxf4 hxg5 27. hxg5 Re7 28. Qg3 Ng6 29. Kh1 Re5 30. Bf3 Qd4 31. Bh5 Rbe8 32. Qf3 R5e7 33. Qf5 Ne5 34. Rg1 g6 35. Nf6+ Kf8 36. Qh3 Re6 37. Bg4 Nxg4 38. Qh8+ Ke7 39. Qxe8+ 1-0

[Event "Bundesliga 1516"]
[Site "Germany"]
[Date "2016.02.20"]
[Round "8.8"]
[White "Janssen, Ruud"]
[Black "Michna, Marta"]
[Result "1-0"]
[WhiteElo "2479"]
[BlackElo "2398"]
[PlyCount "71"]
[EventDate "2015.09.18"]
[EventType "team-tourn"]
[EventRounds "15"]
[EventCountry "GER"]
[SourceTitle "CBM 171"]
[Source "ChessBase"]
[SourceDate "2016.03.14"]
[SourceVersion "2"]
[SourceVersionDate "2016.03.14"]
[SourceQuality "1"]
[WhiteTeam "Emsdetten Turm"]
[BlackTeam "Norderstedt"]
[WhiteTeamCountry "GER"]
[BlackTeamCountry "GER"]

1. c4 Nf6 2. Nc3 d6 3. d4 Nbd7 4. e4 e5 5. Nf3 c6 6. Be2 Be7 7. 0-0 0-0 8. Re1 a6 9. d5 cxd5 10. cxd5 b5 11. Bf1 Nb6 12. h3 Bd7 13. Nxe5 dxe5 14. d6 Bc6 15. dxe7 Qxe7 16. a3 Qb7 17. Qf3 Na4 18. Bg5 Nxc3 19. Bxf6 Nxe4 20. Bxe5 f6 21. Bd4 Nd2 22. Qg4 Nxf1 23. Kxf1 Rad8 24. Rad1 h5 25. Qg3 Rd5 26. Be3 h4 27. Qg4 f5 28. Qg5 f4 29. Rxd5 fxe3 30. Rf5 Bxg2+ 31. Kg1 exf2+ 32. Kxf2 Rxf5+ 33. Qxf5 Bc6 34. Qe6+ Kh7 35. Re5 Qa7+ 36. Ke2 1-0

[Event "Schwarzach op 30th"]
[Site "Schwarzach"]
[Date "2015.08.26"]
[Round "6"]
[White "Janssen, Ruud"]
[Black "Borsos, Bogdan"]
[Result "1/2-1/2"]
[WhiteElo "2483"]
[BlackElo "2217"]
[PlyCount "119"]
[EventDate "2015.08.22"]
[EventType "swiss"]
[EventRounds "9"]
[EventCountry "AUT"]
[SourceTitle "EXT 2016"]
[Source "ChessBase"]
[SourceDate "2015.10.08"]
[SourceVersion "1"]
[SourceVersionDate "2015.10.08"]
[SourceQuality "1"]

1. Nf3 d5 2. c4 c6 3. e3 g6 4. Nc3 Nf6 5. d4 Bg7 6. Be2 0-0 7. 0-0 Bg4 8. h3 Bxf3 9. Bxf3 e6 10. Qe2 Nbd7 11. Rd1 Re8 12. Rb1 dxc4 13. Qxc4 e5 14. b4 exd4 15. exd4 Nb6 16. Qb3 Nbd5 17. b5 Nxc3 18. Qxc3 Nd5 19. Qc5 Bf8 20. Qc4 Qd6 21. bxc6 bxc6 22. Bd2 Rac8 23. Rb7 Re7 24. Rxe7 Bxe7 25. Qa6 Rc7 26. a4 Bf6 27. Ba5 Rd7 28. Qc4 Bd8 29. Be1 h5 30. Rc1 Ne7 31. Qe2 Bc7 32. g3 Bb6 33. Bc3 Bxd4 34. Bxd4 Qxd4 35. Bxc6 Nxc6 36. Rxc6 Kg7 37. Rc4 Qd1+ 38. Qxd1 Rxd1+ 39. Kg2 Ra1 40. Kf3 Ra2 41. h4 Ra3+ 42. Ke2 Ra2+ 43. Ke3 Kg8 44. f3 Kg7 45. g4 hxg4 46. fxg4 Rh2 47. g5 Rh3+ 48. Kd2 Kf8 49. Re4 Rf3 50. Rc4 Rh3 51. Rb4 Ke7 52. Re4+ Kd6 53. Rf4 Ke6 54. Kc2 a5 55. Rf6+ Ke5 56. Rxf7 Rxh4 57. Kb3 Rb4+ 58. Ka3 Rd4 59. Kb3 Rb4+ 60. Ka3 1/2-1/2

[Event "Schwarzach op 30th"]
[Site "Schwarzach"]
[Date "2015.08.23"]
[Round "3"]
[White "Berkes, Ferenc"]
[Black "Janssen, Ruud"]
[Result "1/2-1/2"]
[WhiteElo "2659"]
[BlackElo "2483"]
[PlyCount "33"]
[EventDate "2015.08.22"]
[EventType "swiss"]
[EventRounds "9"]
[EventCountry "AUT"]
[SourceTitle "EXT 2016"]
[Source "ChessBase"]
[SourceDate "2015.10.08"]
[SourceVersion "1"]
[SourceVersionDate "2015.10.08"]
[SourceQuality "1"]

1. d4 Nf6 2. c4 e6 3. Nf3 b6 4. e3 Bb7 5. Bd3 d5 6. cxd5 exd5 7. b3 Bb4+ 8. Nbd2 Nbd7 9. Bb2 0-0 10. 0-0 Ne4 11. Rc1 Re8 12. Qe2 a5 13. a3 Bd6 14. a4 Re6 15. Rfd1 Qe7 16. Nf1 f5 17. Qc2 1/2-1/2

[Event "Bundesliga 1415"]
[Site "Germany"]
[Date "2014.10.18"]
[Round "1.2"]
[White "Ackermann, Hans Werner"]
[Black "Janssen, Ruud"]
[Result "1/2-1/2"]
[WhiteElo "2287"]
[BlackElo "2460"]
[PlyCount "150"]
[EventDate "2014.10.18"]
[EventType "team-tourn"]
[EventRounds "15"]
[EventCountry "GER"]
[SourceTitle "CBM 163"]
[Source "ChessBase"]
[SourceDate "2014.11.11"]
[SourceVersion "1"]
[SourceVersionDate "2014.11.11"]
[SourceQuality "1"]
[WhiteTeam "Rostock"]
[BlackTeam "Emsdetten Turm"]
[WhiteTeamCountry "GER"]
[BlackTeamCountry "GER"]

1. Nf3 Nf6 2. g3 b5 3. Bg2 Bb7 4. Na3 b4 5. Nc4 a5 6. d4 e6 7. Nce5 Qc8 8. 0-0 Be7 9. Bg5 d6 10. Nd3 Nbd7 11. a3 c5 12. dxc5 dxc5 13. Nde5 Nxe5 14. Nxe5 Bxg2 15. Kxg2 Qb7+ 16. Kg1 0-0 17. Qd3 h6 18. Be3 Qc7 19. Nc4 Rfd8 20. Bf4 Qb7 21. Qf3 Qxf3 22. exf3 Nd5 23. Be3 a4 24. Rfd1 g5 25. Rd3 f5 26. Rad1 f4 27. Bc1 Bf6 28. Kg2 Kf7 29. Re1 b3 30. Rd2 Ra6 31. Re4 Bd4 32. Rde2 Nf6 33. gxf4 Nxe4 34. fxe4 Bf6 35. cxb3 axb3 36. e5 Be7 37. fxg5 hxg5 38. Re3 Ra4 39. Rc3 Rd4 40. Nb6 Ra6 41. Rxb3 Re4 42. Nc8 Bf8 43. Bxg5 Rxe5 44. Be3 Rh5 45. Nb6 Be7 46. Nc4 Ra4 47. Rc3 Rf5 48. f4 Kg8 49. Kf3 Ra8 50. Rc2 Rb8 51. Ke4 Rd5 52. Rg2+ Kh7 53. Rc2 Bf6 54. Ne5 Bxe5 55. fxe5 Rb5 56. Rf2 Ra5 57. Rf7+ Kg8 58. Rb7 Ra4+ 59. b4 Rxa3 60. Bxc5 Rh3 61. Bd6 Rh4+ 62. Ke3 Rxh2 63. Re7 Rh6 64. Ke4 Rd1 65. Ke3 Rh3+ 66. Ke4 Rh4+ 67. Ke3 Rh6 68. Ke2 Rg1 69. Bc5 Rg5 70. Bd6 Rg3 71. Re8+ Kg7 72. Re7+ Kh8 73. Re8+ Kh7 74. Re7+ Kh8 75. Re8+ Kh7 1/2-1/2

[Event "Maastricht Limburg op-A 8th"]
[Site "Maastricht"]
[Date "2014.06.09"]
[Round "7"]
[White "Ducarmon, Quinten"]
[Black "Janssen, Ruud"]
[Result "1/2-1/2"]
[WhiteElo "2483"]
[BlackElo "2467"]
[PlyCount "97"]
[EventDate "2014.06.06"]
[EventType "swiss"]
[EventRounds "7"]
[EventCountry "NED"]
[SourceTitle "CBM 160 Extra"]
[Source "ChessBase"]
[SourceDate "2014.07.01"]
[SourceVersion "1"]
[SourceVersionDate "2014.07.01"]
[SourceQuality "1"]

1. e4 e5 2. Nf3 Nc6 3. Nc3 Nf6 4. Bb5 Bb4 5. 0-0 0-0 6. d3 d6 7. Bg5 Bxc3 8. bxc3 Qe7 9. Re1 Nd8 10. d4 Ne6 11. Bd2 c5 12. Bc4 cxd4 13. cxd4 Qc7 14. dxe5 dxe5 15. Bd5 Nc5 16. Bb4 Bg4 17. c4 Rad8 18. h3 Bxf3 19. Qxf3 Rd6 20. Qc3 Nfd7 21. Re3 Rf6 22. Rf3 Rxf3 23. Qxf3 b6 24. Re1 Nb8 25. Qg3 Re8 26. Bc3 Nbd7 27. f4 Kh8 28. Rf1 f6 29. f5 Na6 30. Kh2 Qd6 31. Bb2 Qb4 32. Ba3 Qa4 33. Qb3 Qa5 34. Bc6 Ndc5 35. Qb5 Qxb5 36. cxb5 Rc8 37. Rd1 h6 38. Rd6 Nc7 39. Bxc5 bxc5 40. a4 c4 41. Kg3 Na6 42. Kf3 Nc5 43. Ke2 Nxa4 44. Kd2 Nb6 45. Kc3 Kg8 46. h4 Kf8 47. g4 Ke7 48. Re6+ Kf8 49. Rd6 1/2-1/2